000 00599nam a2200217 a 4500
001 64208
003 BD-RjUL
005 20211209081300.0
008 170212s1958 nyua 001 0 eng d
035 _a(BD-RjUL)64338
040 _aBD-RjUL
_cBD-RjUL
_dBD-RjUL
_beng
041 _aeng
082 _223
_a940.2
_bKNE 1958
100 1 _aKnapton, Ernest John.
_9190684
245 1 0 _aEurope, 1450-1815 /
_cErnest John Knapton
260 _aNew York :
_bScribner,
_c1958
300 _a770 p. :
_bill. ;
_c25 cm.
500 _aIncludes index
651 0 _aEurope
_xHistory
_y1492-
_9190685
942 _2ddc
_cBK
999 _c64208
_d64208